00718nam a2200241 a 4500001001300000003000900013005001700022008004100039020002300080082001800103100002300121245002900144260003100173300000900204500003500213505001000248650001800258700002300276902000800299942000700307952014500314999001700459nice12345678IN_TiNIC20260116014936.0050524s2001 newa grp 000 0 eng  a0385157 c31000a341.7588bFRI aFriedman, Thomas L aLexus and the Olive Tree aNew YorkbDoubleday c2001 a490p aincludes index and biblioraphy2 aIndex aGlobalization1 aFriedman, Thomas L bSRS cBK 001040708StackRoom-aHMIbHMId2007-06-04g310.00l2o341.7588 FRIp11001626q2026-02-24r2026-02-10s2026-02-10v310.00w2005-05-24yBK c17643d17643